000 00775nam a22002057a 4500
005 20230410111917.0
008 230410b ||||| |||| 00| 0 eng d
020 _a9781484275290
040 _cAIMIT LIBRARY
082 _21
_a004.606
_bLIBA
100 _aLibby, Alex.
_985271
245 _aIntroducing the HTML5 web speech API :
_byour practical introduction to adding browser- based speech capabilities to your websites and online applications /
_cBy Alex Libby.
250 _a1st ed.
260 _aNew York ;
_bApress ,
_c2020.
300 _axxi,339p. ;
_bPB
_c23 cm.
650 _aExploring the APIs in more detail
_985272
650 _aSupporting mobile devices
_985273
650 _aCombining the APIs: building a chatbot
_985274
942 _2ddc
_cBK
_e1st
_k004.606 LIBA
999 _c227148
_d227148